[Event "España ch 2006 Scheveningen"]
[Site "Leon ESP"]
[Date "2006.11.29"]
[Round "8.3"]
[White "Arizmendi Martinez, Julen Luis"]
[Black "Rivas Pastor, Manuel"]
[Result "1/2-1/2"]
[WhiteElo "2540"]
[BlackElo "2511"]
[PlyCount "49"]
[EventDate "2006.11.22"]
[EventType "schev"]
[EventRounds "9"]
[EventCountry "ESP"]
[EventCategory "9"]
[Source "lmi"]
[SourceDate "2006.11.22"]

1. e4 e5 2. Nf3 Nc6 3. Bb5 a6 4. Ba4 Nf6 5. O-O Be7 6. Re1 b5 7. Bb3 d6 8. c3
O-O 9. d4 Bg4 10. d5 Na5 11. Bc2 c6 12. h3 Bd7 13. dxc6 Nxc6 14. Nbd2 h6 15.
Nf1 Re8 16. Ne3 Bf8 17. Nh2 Nh7 18. Qf3 Ne7 19. Rd1 Ng5 20. Qg3 Bc6 21. Nhg4
Ng6 22. Nd5 Ne6 23. Bb3 h5 24. Nge3 Ngf4 25. Re1 1/2-1/2

[Event "España ch 2006 Puestos 3-4"]
[Site "Leon ESP"]
[Date "2006.11.30"]
[Round "2"]
[White "Perez Candelario, Manuel"]
[Black "Gomez Esteban, Juan Mario"]
[Result "1/2-1/2"]
[WhiteElo "2496"]
[BlackElo "2486"]
[PlyCount "77"]
[EventDate "2006.11.22"]
[EventType "k.o."]
[EventCountry "ESP"]
[Source "lmi"]
[SourceDate "2006.11.22"]

1. e4 c6 2. d4 d5 3. Nc3 dxe4 4. Nxe4 Bf5 5. Ng3 Bg6 6. h4 h6 7. Nf3 Nd7 8. h5
Bh7 9. Bd3 Bxd3 10. Qxd3 e6 11. Bf4 Bb4+ 12. c3 Be7 13. O-O-O Ngf6 14. Kb1 O-O
15. c4 Qa5 16. Qe2 Rfe8 17. Ne5 c5 18. Nxd7 Nxd7 19. d5 exd5 20. cxd5 Bf6 21.
Qc2 c4 22. Nf5 c3 23. Rh3 cxb2 24. Rg3 Kh8 25. Nd6 Re7 26. Re3 Rxe3 27. Nxf7+
Kg8 28. Nxh6+ gxh6 29. Bxe3 Bg7 30. Bxh6 Bxh6 31. Qg6+ Bg7 32. h6 Qc3 33. Qe6+
Kf8 34. Qd6+ Ke8 35. Qg6+ Kf8 36. Qd6+ Ke8 37. Qg6+ Kf8 38. Qd6+ Ke8 39. Qg6+
1/2-1/2